000 00702nam a2200241Ia 4500
005 20260430150404.0
008 008 250103s9999 xx 000 0 eng d
037 _aTheses
040 _aCRL
040 _beng
040 _ceng
041 _2eng
041 _aeng
084 _qCRL
100 _aNegi Priyanka Au.; Saikia Ashima Gu.
_91237347
245 0 _aNature and Origin of Anorthosites and Gabbroic Cumulates From the Barabar Hill Region of Chotanagpur Granite Gneiss Complex, Eastern India
260 _c2023
300 _a230p.
650 _aGeology
700 _aUniversity of Delhi. Faculty of Science. Deptt.of Geology
_91237348
942 _cTH
999 _c1849664
_d1849664